000 00301nam a22001217a 4500
008 170816b xxu||||| |||| 00| 0 eng d
041 _aeng
080 _a51
100 _a36
101 _aMAT
245 _aCONNECTING MATHEMATICS AND SCIENCE TO WORKPLACE CONTEXTS
_cBRITTON.E
942 _2udc
_cBK
999 _c23624
_d23624